<?xml version="1.0" encoding="UTF-8"?>
<record
    xmlns:xsi="http://www.w3.org/2001/XMLSchema-instance"
    xsi:schemaLocation="http://www.loc.gov/MARC21/slim http://www.loc.gov/standards/marcxml/schema/MARC21slim.xsd"
    xmlns="http://www.loc.gov/MARC21/slim">

  <leader>01726cam a22002893u 4500</leader>
  <controlfield tag="001">8435933</controlfield>
  <controlfield tag="005">20210414113845.0</controlfield>
  <controlfield tag="006">m        d        </controlfield>
  <controlfield tag="007">cr  n         </controlfield>
  <controlfield tag="008">110201nuuuu    ||||||||s|||||||| ||||| d</controlfield>
  <datafield tag="035" ind1=" " ind2=" ">
    <subfield code="a">(WaSeSS)ssib002851301</subfield>
  </datafield>
  <datafield tag="040" ind1=" " ind2=" ">
    <subfield code="a">WaSeSS</subfield>
    <subfield code="c">WaSeSS</subfield>
    <subfield code="d">WaSeSS</subfield>
  </datafield>
  <datafield tag="050" ind1=" " ind2=" ">
    <subfield code="a">BF721.W33</subfield>
  </datafield>
  <datafield tag="100" ind1="1" ind2=" ">
    <subfield code="a">Watson, Robert I.</subfield>
  </datafield>
  <datafield tag="210" ind1="1" ind2="0">
    <subfield code="a">Psychology of the child :</subfield>
  </datafield>
  <datafield tag="245" ind1="1" ind2="0">
    <subfield code="a">Psychology of the child /</subfield>
    <subfield code="b">personal, social, and disturbed child development</subfield>
    <subfield code="c">Watson, Robert I.</subfield>
  </datafield>
  <datafield tag="250" ind1=" " ind2=" ">
    <subfield code="a">2d ed.</subfield>
  </datafield>
  <datafield tag="260" ind1=" " ind2=" ">
    <subfield code="a">New York</subfield>
    <subfield code="b">John Wiley &amp; Sons, Inc.</subfield>
    <subfield code="c">1967</subfield>
  </datafield>
  <datafield tag="300" ind1=" " ind2=" ">
    <subfield code="a">ix, 635 p. </subfield>
    <subfield code="c">24 cm.</subfield>
  </datafield>
  <datafield tag="500" ind1=" " ind2=" ">
    <subfield code="a">Includes bibliographical references.</subfield>
  </datafield>
  <datafield tag="505" ind1=" " ind2=" ">
    <subfield code="a">Contents: Principles of development :  History of the study of the child -- The Scientific study of the child -- The Process of development -- Socialization, behavior tendencies, and personality -- Personality, behavior theory, and psychoanalysis -- Infancy : Prenatal development, childbirth, and the neonate -- Individual development -- Parental influences -- Behavior tendencies, self, and peer relationships -- Psychoanalytic contentions -- Early childhood : Individual development -- Parental influences -- Behavior tendencies, self, and peer relationships -- Psychoanalytic contentions -- Later childhood: Individual development -- Parental influences, behavior tendencies, and the self --  Peer and school relationships -- Psychoanalytic contentions.</subfield>
  </datafield>
  <datafield tag="506" ind1=" " ind2=" ">
    <subfield code="a">License restrictions may limit access.</subfield>
  </datafield>
  <datafield tag="773" ind1=" " ind2="0">
    <subfield code="t">APA PsycBooks</subfield>
  </datafield>
  <datafield tag="856" ind1="4" ind2="0">
    <subfield code="u">http://www.columbia.edu/cgi-bin/cul/resolve?clio8435933</subfield>
    <subfield code="z">Full text available from APA PsycBooks</subfield>
  </datafield>
  <datafield tag="910" ind1=" " ind2=" ">
    <subfield code="a">Serials Solutions supplemental brief record</subfield>
  </datafield>
  <datafield tag="942" ind1=" " ind2=" ">
    <subfield code="2">lcc</subfield>
    <subfield code="c">BK</subfield>
  </datafield>
  <datafield tag="999" ind1=" " ind2=" ">
    <subfield code="c">104</subfield>
    <subfield code="d">7604</subfield>
  </datafield>
  <datafield tag="952" ind1=" " ind2=" ">
    <subfield code="0">0</subfield>
    <subfield code="1">0</subfield>
    <subfield code="2">lcc</subfield>
    <subfield code="4">0</subfield>
    <subfield code="7">0</subfield>
    <subfield code="a">WIUC-1</subfield>
    <subfield code="b">WIUC-1</subfield>
    <subfield code="c">GEN</subfield>
    <subfield code="d">2011-09-13</subfield>
    <subfield code="l">0</subfield>
    <subfield code="o">BF721.W33</subfield>
    <subfield code="p">269/11</subfield>
    <subfield code="r">2011-09-13 00:00:00</subfield>
    <subfield code="w">2011-09-13</subfield>
    <subfield code="y">BK</subfield>
  </datafield>
</record>
